[Event "Patron CC-ch"]
[Site "Greece"]
[Date "2008.01.05"]
[Round "5"]
[White "Georgopoulos, Dimitrios"]
[Black "Psariadis, Mihail"]
[Result "1-0"]
[WhiteElo "1005"]
[BlackElo "1000"]
[PlyCount "99"]
[EventDate "2008.01.02"]
[EventType "swiss"]
[EventRounds "7"]
[EventCountry "GRE"]
[SourceTitle "EXT 2010"]
[Source "ChessBase"]
[SourceDate "2010.11.25"]
[SourceVersion "1"]
[SourceVersionDate "2010.11.25"]
[SourceQuality "1"]

1. d4 e6 2. e3 Bb4+ 3. Bd2 Bxd2+ 4. Qxd2 d6 5. Be2 Nf6 6. Nc3 0-0 7. Nf3 Bd7 8. 0-0 Nc6 9. a3 Re8 10. Nb5 a6 11. Nc3 Rf8 12. e4 Na5 13. e5 dxe5 14. Nxe5 Nc6 15. Nxd7 Qxd7 16. Rad1 Rad8 17. Qf4 Rde8 18. Bf3 Nd5 19. Nxd5 exd5 20. Bg4 Qd6 21. Qxd6 cxd6 22. Bd7 Re7 23. Bxc6 bxc6 24. c3 Rfe8 25. f4 Kf8 26. h3 a5 27. b4 Re4 28. g3 Re3 29. bxa5 Ra8 30. Kf2 Rae8 31. Rfe1 R8e4 32. Rxe3 Rxe3 33. Kxe3 h6 34. Rb1 Ke7 35. Rb6 c5 36. a6 Kd7 37. a7 Kc7 38. a8Q Kxb6 39. Qb8+ Ka6 40. Qxd6+ Kb5 41. dxc5 Ka4 42. Qa6+ Kb3 43. Kd3 f6 44. c4 dxc4+ 45. Qxc4+ Kb2 46. Qc3+ Ka2 47. Qc2+ Ka1 48. Qd1+ Ka2 49. Kc3 Kxa3 50. Qb3# 1-0